000 00299nam a2200109Ia 4500
008 190216s9999||||xx |||||||||||||| ||und||
100 _aParameswaran Pilla Meekollam
245 0 _aMalayalam-Kanyakumari Muthal Kapila Vasthu Vare
260 _bJayabharath Printers
650 _aMalayalam
942 _cBK
999 _c25042
_d25042